मेरी प्रेरणाओं के स्रोत/ (Record no. 198787)

MARC details
000 -LEADER
fixed length control field 00746nam a22001817a 4500
005 - DATE AND TIME OF LATEST TRANSACTION
control field 20231108121108.0
010 ## - LCCN (DPL NO)
LC control number HIN-126150
020 ## - INTERNATIONAL STANDARD BOOK NUMBER
International Standard Book Number 9789395247016
Terms of availability 300.00
035 ## - SYSTEM CONTROL NUMBER
System control number HN-98496
037 ## - SOURCE OF ACQUISITION
Source of stock number/acquisition DBAD/PUB.
082 ## - DEWEY DECIMAL CLASSIFICATION NUMBER
Classification number 920
100 ## - MAIN ENTRY--PERSONAL NAME
Personal name जागासिंह,बीरसेन
245 ## - TITLE STATEMENT
Title मेरी प्रेरणाओं के स्रोत/
Statement of responsibility, etc बीरसेन जागासिंह
260 ## - PUBLICATION, DISTRIBUTION, ETC. (IMPRINT)
Place of publication, distribution, etc नई दिल्ली
Name of publisher, distributor, etc स्टार पब्लिकेशंस
Date of publication, distribution, etc 2022
270 ## - ADDRESS
Address 4/5-बी, आसफ अली रोड
City नई दिल्ली-110002
300 ## - PHYSICAL DESCRIPTION
Extent 190पृ.;
Dimensions 23सेमी (सजिल्द)
942 ## - ADDED ENTRY ELEMENTS (KOHA)
Institution code [OBSOLETE] dpl
Item type Hindi Books
Source of classification or shelving scheme Dewey Decimal Classification
Classification part 920
Call number suffix जागासिं
Holdings
Withdrawn status Lost status Not for loan Collection code Home library Current library Date acquired Source of acquisition Cost, normal purchase price Full call number Barcode Copy number Cost, replacement price Koha item type
      Non-fiction Bawana Bawana 17/10/2023 DBAD/PUB 300.00 920 जागासिं HN-98496 1 300.00 Hindi Books

© Delhi Public Library
Hit Counter
free hit counter